000 00681nam a2200241Ia 4500
003 OSt
005 20220918230839.0
006 a|||||r|||| 00| 0
007 ta
008 220917b |||||||| |||| 00| 0 eng d
024 _a260,532
037 _cTextual
040 _aARTS
_cARTS
_beng
041 _2eng
_aeng
082 _aV44Q7:1941.N8, M6
100 _aBhola P L
_9153352
245 0 _aPakistan -China relations
_b (search for politico-strategic relationship)
260 _aJaipur
_bR B S A Publishers India
_c1986
300 _a301p.
_ccm.
650 _aHISTORY
942 _hV44Q7:1941.N8, M6
_cTEXL
_2CC
999 _c289102
_d289102